| 000 | 00409nam a2200133Ia 4500 | ||
|---|---|---|---|
| 008 | 170221s9999 xx 000 0 und d | ||
| 100 | _aMitsuru Mizuno | ||
| 245 | _aCORPORATE GOVERNANCE, INSTITUTIONAL INVESTORS, AND FIRM PERFORMANCE IN FRANCE | ||
| 245 | _cMitsuru Mizuno | ||
| 260 | _c2014 | ||
| 300 | _a3 : 2 | ||
| 650 | _xBusiness | ||
| 856 | _uhttp://escijournals.net/index.php/JBF/article/view/552/401 | ||
| 999 |
_c313212 _d313212 |
||